| 000 | 00508nam a2200253Ia 4500 | ||
|---|---|---|---|
| 001 | 072947 | ||
| 003 | YMCAF | ||
| 005 | 20230512160821.0 | ||
| 008 | 100717s1996 ||||||||||||||||| ||und|d | ||
| 020 | _a- | ||
| 024 | _a72947 | ||
| 035 | _a12410 | ||
| 040 |
_aYMCAF _beng _cIN-KoLT |
||
| 041 | _aeng | ||
| 082 | _aELC-SCH | ||
| 100 | _aSCHAM SERIES | ||
| 245 | 0 | _aELCTRIC CIRCUIT AND BOOK | |
| 250 | _a- | ||
| 260 |
_bTMH _c1996 |
||
| 300 | _a706 | ||
| 653 | _a- | ||
| 653 | _a- | ||
| 942 |
_2ddc _cBK |
||
| 999 |
_c6576 _d6576 |
||